Islam: (Record no. 31577)

MARC details
000 -LEADER
fixed length control field 00930cam a22002771 4500
001 - CONTROL NUMBER
control field 8444640
003 - CONTROL NUMBER IDENTIFIER
control field BDDh-ASL
005 - DATE AND TIME OF LATEST TRANSACTION
control field 20231015031304.0
008 - FIXED-LENGTH DATA ELEMENTS--GENERAL INFORMATION
fixed length control field 720901s2006 e a b 000 0 eng
010 ## - LIBRARY OF CONGRESS CONTROL NUMBER
LC control number sa 63002507
015 ## - NATIONAL BIBLIOGRAPHY NUMBER
National bibliography number GB61-15627
035 ## - SYSTEM CONTROL NUMBER
System control number (OCoLC)397733
040 ## - CATALOGING SOURCE
Original cataloging agency DLC
Transcribing agency ODaWU
Modifying agency OCoLC
-- Uk
-- DLC
-- BDDh-ASL
041 ## - LANGUAGE CODE
Language code of text/sound track or separate title Bengali
050 00 - LIBRARY OF CONGRESS CALL NUMBER
Classification number DS38
Item number .M24 1960
082 ## - DEWEY DECIMAL CLASSIFICATION NUMBER
Classification number 297.09
Item number WAI
100 1# - MAIN ENTRY--PERSONAL NAME
Personal name Watt, William Montgomery
9 (RLIN) 7817
245 12 - TITLE STATEMENT
Title Islam:
Remainder of title A short history. /
260 ## - PUBLICATION, DISTRIBUTION, ETC.
Place of publication, distribution, etc. England:
Name of publisher, distributor, etc. Oneworld Publications,
Date of publication, distribution, etc. 2006.
300 ## - PHYSICAL DESCRIPTION
Extent 159 p.
Dimensions 23 cm.
504 ## - BIBLIOGRAPHY, ETC. NOTE
Bibliography, etc. note Include Bibliographical References and Index
650 #0 - SUBJECT ADDED ENTRY--TOPICAL TERM
Topical term or geographic name entry element Islamic History (ইসলামের ইতিহাস), Islamic Civilization, ইসলামী সভ্যতা, Isalāmī sabhyatā
9 (RLIN) 5885
651 #0 - SUBJECT ADDED ENTRY--GEOGRAPHIC NAME
Geographic name Islamic countries
General subdivision History.
906 ## - LOCAL DATA ELEMENT F, LDF (RLIN)
a 7
b cbc
c oclcrpl
d u
e ncip
f 19
g y-gencatlg
942 ## - ADDED ENTRY ELEMENTS (KOHA)
Source of classification or shelving scheme Dewey Decimal Classification
Koha item type Books
Holdings
Withdrawn status Lost status Source of classification or shelving scheme Damaged status Not for loan Collection code Home library Current library Shelving location Date acquired Source of acquisition Total Checkouts Full call number Barcode Date last seen Copy number Price effective from Koha item type Public note
    Dewey Decimal Classification     Non-fiction Asiatic Society Library Asiatic Society Library General Stacks 04/01/2023 ASB Library Collection   297.09 WAI 120276 04/01/2023 C-1 04/01/2023 Books Y-2006

Powered by Koha